Entry Personal Name
Number of records used in: 3
001 - CONTROL NUMBER
003 - CONTROL NUMBER IDENTIFIER
005 - DATE AND TIME OF LATEST TRANSACTION
- control field:
20221003133502.0
008 - FIXED-LENGTH DATA ELEMENTS
- fixed length control field:
831104n| azannaab |a aaa
010 ## - LIBRARY OF CONGRESS CONTROL NUMBER
- LC control number:
n 83237918
040 ## - CATALOGING SOURCE
- Original cataloging agency:
DLC
- Language of cataloging:
eng
- Description conventions:
rda
- Transcribing agency:
DLC
- Modifying agency:
DLC
100 1# - HEADING--PERSONAL NAME
- Personal name:
Belitz, H.-D.
- Fuller form of name:
(Hans-Dieter)
378 ## - FULLER FORM OF PERSONAL NAME
- Fuller form of personal name:
Hans-Dieter
400 10 - SEE FROM TRACING--PERSONAL NAME
- Personal name:
Belitz, Hans-Dieter
670 ## - SOURCE DATA FOUND
- Source citation:
His Lehrbuch der Lebensmittelchemie, 1982:
- Information found:
t.p. (H.-D. Belitz) verso of t.p. (Professor Dr. Hans-Dieter Belitz)
670 ## - SOURCE DATA FOUND
- Source citation:
His Food chemistry, 1986:
- Information found:
CIP t.p. (Hans-Dieter Belitz) data sheet (b. 3/9/31)
670 ## - SOURCE DATA FOUND
- Source citation:
Food chemistry, 1999:
- Information found:
CIP t.p. (H.-D. Belitz) t.p. verso (d. Mar. 31, 1993)